|
|
|
|
| LEADER |
00000cam a2200000 7i4500 |
| 001 |
0000094331 |
| 005 |
20120613.0 |
| 008 |
100526 eng |
| 090 |
0 |
0 |
|a JF SER
|
| 100 |
1 |
|
|a Dax
|
| 245 |
1 |
0 |
|a Top Spin
|c Dax
|
| 260 |
|
|
|a Selangor :
|b Daxon Publications Sdn.Bhd
|
| 300 |
|
|
|a 31p :
|b ill ;
|c 21cm.
|
| 650 |
0 |
0 |
|a Junior Fictions
|
| 999 |
|
|
|a 0000126202
|b Buku
|c Koleksi Pinjaman Kanak-Kanak
|e Perpustakaan Cawangan Masjid Tanah
|
| 999 |
|
|
|a 0000340226
|b Buku
|c Koleksi Pinjaman Kanak-Kanak
|e Perpustakaan Cawangan Jasin
|
| 999 |
|
|
|a 0000340227
|b Buku
|c Koleksi Pinjaman Kanak-Kanak
|e Perpustakaan Cawangan Jasin
|
| 999 |
|
|
|a 5991
|b Buku
|c Koleksi Pinjaman Kanak-Kanak
|e Perpustakaan Cawangan Jasin
|
| 999 |
|
|
|a 5992
|b Buku
|c Koleksi Pinjaman Kanak-Kanak
|e Perpustakaan Cawangan Jasin
|